000 00692nam a22002057a 4500
003 BUBTL
008 200827b xxu||||| |||| 00| 0 eng d
020 _a984-300-000975-5
082 _a336.24095492/SHB
100 _aShil, Nikhil Chandra
_93375
245 _aBangladesh Income Tax
_bNikhil Chandra Shil, Mohammad Zakaria Masuddul Alam and Mohammad Faridul Alam
250 _a8th
260 _aDhaka
_bShams Publications
_cc2014
300 _a704p . :
_bill . ; 23cm
650 _aFinance
_93376
700 _aNikhil Chandra Shil, Mohammad Zakaria Masuddul Alam and Mohammad Faridul Alam
_93377
856 _k0
_l0
_yDownload
942 _2ddc
_cBK
999 _c6336
_d6336